00524nam a2200157 i 4500001000300000100002300003245009100026260002100117040000800138041000800146942000700154008004100161999001700202856009800219952004900317bg1 aPODGÓRSKI, Jerzy 0aOgólny warunek stanu granicznego dla materiałów izotropowych /cJerzy Pogórski. aWarszawa,c1983. cBPK apol cKS s pl f |000 0 pol  c22178d22178 uhttp://koha.tu.koszalin.pl/cgi-bin/koha/opac-detail.pl?biblionumber=22178yKatalog online BPK 00104070aBPKbBPKcwo31137p01575170yKS